000 02169nam a2200313Ia 4500
999 _c55593
_d55593
001 22688
003 GE_BSU
005 20230418145623.0
008 181216s2018||||ge |||||||||||||| ||geo||
020 _a97899410818669(ორივე ტომის)9789941278624(მეორე ტომის)
040 _cGE_BSU
041 _ageo
080 _a342.4(479.22) ს-32
245 _aსაქართველოს პირველი რესპუბლიკის კონსტიტუცია (1921) :
_bმასალები და დოკუმენტები ტ. 2 /
_cრედაქტორები: ემზარ ჯგერენაია, თეა კენჭოშვილი ; შემდგენლები : ხათუნა დავითური, მარინა ალანია, ნანო ომანაძე [და სხვ.].
264 _aთბილისი :
_bსაქ. პარლამენტის ეროვნული ბიბლიოთეკა,
_c2018.
300 _a1007გვ. ;
_c23 სმ.
500 _aეძღვნება ისიდორე დოლიძის დაბადებიდან 100 წლის იუბილეს
501 _aადგილთა საძ. გვ. : 992-998
501 _aლექსიკონი გვ. : 999-1007992-998
541 _h10ლ.
653 _aკონსტიტუცია
653 _aსამართალი
653 _aსაქართველოს პირველი რესპუბლიკის კონსტიტუცია (1921)
653 _aმასალები და დოკუმენტები ტ. 2
700 _aჯგერენაია, ემზარ
_eრედაქტორი
_917660
700 _aკენჭოშვილი, თეა
_eრედაქტორი
_97907
710 _aსაქ. პარლამენტის ეროვნული ბიბლიოთეკა
_bსამოქალაქო განათლების განყოფილება
_917663
942 _cBK
_2udc